000 nam a22 a 4500
999 _c161039
_d161039
003 BLK
005 20201027142811.0
008 180410b bul|||||r ||||||| ||bul||
010 _aKNG00168342000
040 _aBLK
041 _aLAT
_cDRU
072 7 _2bullib
_aЦ
_xРедки и ценни
080 _aГражданско право
_b347
_x(37)(094.4)
_z347(37)(094.4)
139 _aCorpus iuris civilis romani
_bC 81
245 1 0 _aCorpus iuris civilis romani
_bIn quo Institutiones, digesta ad codicem florentinum emendata, codex item et novellae, necnon Justiniani adicta, Leonis et aliorum imperatorum novellae, canones apostolorum, feudorum libri, leges XII. tabb.,
_cбел. Denis Godefroy; по изд. на Simon van Leeuwen.
257 _aDEU
260 _bGleditsch
_c1720
_aЛайпциг
300 _a806 p.
_c27 см
380 _a3
490 _9435080
_aКолекция Редки и ценни издания
500 _aEt allia ad jurisprudentiam ante-justinianeam pertinentia scripta, cum optimis quibusque editionibus collata, exhibentur
650 4 _aГражданско право - Древен Рим
_9335047
653 _aримско право
653 _aгражданско право
653 _aДревен Рим
700 1 _aGodefroy, Denis
_eбел.
_911331
700 1 _aLeeuwen, Simon van
_eпо изд. на
_916730
852 _aРл 720
_bРц
856 4 _qpdf
856 4 _qpdf
942 _cKNG
_n0
_s1
944 _aCR
_c04.12.2014
_kХристина_Везирева
944 _aED
_c04.12.2014
_kХристина_Везирева
999 _d161039